000 00970cam a2200253 i 4500
001 bg
003 KOSZ 005
005 20190916143450.0
008 040519s1976 pl a f f |000 0 pol
015 _aPB 1976/6330
040 _aWA N
_cKOSZ 005/HR
_dKOSZ 005/HR
080 _a620.1
080 _a(075.8+076)
245 0 0 _aĆwiczenia laboratoryjne z wytrzymałości materiałów :
_bpraca zbiorowa /
_cpod red. Mirosława Banasiaka ; [oprac. Andrzej Młotkowski et al.].
260 _aWarszawa :
_bPańst. Wydaw. Naukowe,
_c1976.
300 _a183, [1] s., [2] k. tabl. kolor. :
_bil., tab., wykr. ;
_c25 cm.
504 _aBibliogr. s. [184].
655 4 _aĆwiczenia i zadania dla szkół wyższych
650 4 _aWytrzymałość materiałów
700 1 _aBanasiak, Mirosław.
_eRed.
700 1 _aMłotkowski, Andrzej.
856 _uhttp://koha.tu.koszalin.pl/cgi-bin/koha/opac-detail.pl?biblionumber=555
_yKatalog online BPK
942 _2UKD
_cKS
999 _c555
_d555